000 nam a22 7a 4500
999 _c7549
_d7549
008 170920b xxu||||| |||| 00| 0 eng d
100 _94070
_aClarke
245 _aMan and Space
260 _aNewyork
_bTime Life Books
_c1985